| 000 | 00654nam a2200181 a 4500 | ||
|---|---|---|---|
| 001 | 000036224 | ||
| 005 | 20200930074954.0 | ||
| 008 | 120111s1970 fr a 001 0 spa d | ||
| 040 |
_aDO-SdBNP _bspa _cBNPHU |
||
| 082 |
_axxxx _bL991l |
||
| 100 | 1 |
_aLyons, John _962292 |
|
| 245 | 1 | 0 |
_aLinguistique génélale : _bintroduction à la linguistique théorique / _cJohn Lyons; traduit par Françoise Dubois-Charlier, David Robinson. |
| 260 |
_aParis : _bLibrairie Larousse, _c1970. |
||
| 300 |
_a382 p. : _bil. ; _c21 cm. |
||
| 504 | _aBibliografía : p. 368 -375 | ||
| 700 | 1 | 2 |
_aDubois-Charlier, Françoise, _etr. _962293 |
| 700 | 1 | 2 |
_aRobinson, David, _etr. _962294 |
| 999 |
_c35715 _d35715 |
||